Politická a ekonomická stabilita v Srbsku bakalárska práca

Uložené v:
Podrobná bibliografia
Hlavný autor: Petrovič, Matúš
Korporativný autor: Fakulta medzinárodných vzťahov EU. Katedra medzinárodných ekonomických vzťahov a hospodárskej diplomacie
Ďalší autori: Lipková, Ľudmila
Médium: Kniha
Jazyk:Slovak
Vydavateľské údaje: Bratislava 2013
Tagy: Pridať tag
Žiadne tagy, Buďte prvý, kto otaguje tento záznam!

MARC

LEADER 00000nbm a2200000 4500
001 0172727
005 20161109112113.6
041 0 |a slo 
044 |a SK 
245 1 0 |a Politická a ekonomická stabilita v Srbsku  |b bakalárska práca  |c Matúš Petrovič ; školiteľ: Ľudmila Lipková 
264 1 |a Bratislava  |c 2013 
300 |a 41 s. 
100 1 |a Petrovič, Matúš 
700 1 |a Lipková, Ľudmila 
710 2 |a Fakulta medzinárodných vzťahov EU. Katedra medzinárodných ekonomických vzťahov a hospodárskej diplomacie